Individual freedom in language teaching : helping learners to develop a dialect of their own /

Podrobná bibliografie
Hlavní autor: Brumfit, Christopher
Médium: Kniha
Jazyk:English
Vydáno: Oxford : OUP, 2001.
Edice:Oxford applied linguistics
Témata:
Classic Catalogue: View this record in Classic Catalogue
LEADER 01268nam a2200277 a 4500
001 0017212
003 BD-DhAAL
008 090824s2001 enka 001 0 eng d
020 |a 0194421740  
040 |a UKM  |c UKM  |d OCLCQ  |d CUS   |d BD-DhAAL 
082 0 0 |a 418.007   |2 21 
100 1 |a Brumfit, Christopher   |9 58402 
245 1 0 |a Individual freedom in language teaching :  |b helping learners to develop a dialect of their own /  |c Christopher Brumfit. 
260 |a Oxford :  |b OUP,  |c 2001. 
300 |a xvi, 207 p. :  |b ill. ;  |c 24 cm 
490 0 |a Oxford applied linguistics  
504 |a Includes bibliographical references and index  
526 |a ENH  |x Shenin Ziauddin and Nazia Husain Faculty Members of BRAC University 
541 1 |e 00017212  |a Friends' Book Corner 
650 0 |a Language and languages  |a Study and teaching.  |9 1879 
650 0 |a Language policy  
650 0 |a Applied linguistics  
852 4 |a Ayesha Abed Library   |c General Stacks 
942 |2 ddc  |c BK 
999 |c 3510  |d 3510 
952 |0 0  |1 0  |2 ddc  |4 0  |6 418_007000000000000_BRU_2001  |7 0  |9 3186  |a BRACUL  |b BRACUL  |c GEN  |d 2009-09-02  |e Friends' Book Corner  |g 3822.00  |l 6  |m 38  |o 418.007 BRU  |p 3010017212  |r 2018-07-07  |s 2018-04-19  |t 1  |w 2009-09-02  |y BK  |x Requisitioned by Shenin Ziauddin and Nazia Husain (Faculty Members of BRAC University)